[Event "London Classic FIDE Open"]
[Site "London ENG"]
[Date "2011.12.10"]
[Round "8"]
[White "D'Costa, Lorin A R"]
[Black "Hillarp Persson, Tiger"]
[Result "1/2-1/2"]
[WhiteTitle "IM"]
[BlackTitle "GM"]
[WhiteElo "2409"]
[BlackElo "2530"]
[WhiteFideId "409219"]
[BlackFideId "1700812"]
[EventDate "2011.12.03"]

1. d4 d5 2. c4 dxc4 3. Nf3 Nf6 4. e3 Bg4 5. Bxc4 e6 6. h3 Bh5 7. g4 Bg6 8. Ne5
Nbd7 9. Nxg6 hxg6 10. Nc3 a6 11. Bf1 c6 12. Bg2 Bd6 13. Bd2 Qe7 14. Qb3 Rb8 15.
g5 Nd5 16. h4 b5 17. Ne4 c5 18. dxc5 Bxc5 19. Rc1 Bb6 20. Ke2 Ne5 21. Bc3 Nxc3+
22. Qxc3 f6 23. Rcd1 O-O 24. b3 Rbc8 25. Qb2 Bc5 26. gxf6 gxf6 27. Nxc5 Qxc5 28.
Qd4 Qxd4 29. Rxd4 Rc2+ 30. Rd2 Rxd2+ 31. Kxd2 Rd8+ 32. Ke2 Rc8 33. Rd1 b4 34.
Rd2 a5 35. f4 Nf7 36. Rd7 Rc2+ 37. Rd2 Rc7 38. a3 bxa3 39. Ra2 Nd6 40. Rxa3 Rc2+
41. Kf3 Rc5 42. Bh3 f5 43. Bf1 Kg7 44. Bc4 Kf6 45. Ke2 e5 46. Kd3 Kg7 47. Ra2
Kh6 48. Rg2 a4 49. fxe5 Rxe5 50. bxa4 Nxc4 51. Kxc4 Rxe3 52. a5 Ra3 53. Kb4 Ra1
54. Rg3 Kh5 55. Rg5+ Kh6 56. Rg3 f4 57. Rf3 g5 58. hxg5+ Kxg5 59. Kb5 Kg4 60.
Rf2 Kg3 61. Rb2 f3 62. a6 f2 63. Rxf2 Kxf2 64. Kb6 1/2-1/2

[Event "London Classic FIDE Open"]
[Site "London ENG"]
[Date "2011.12.10"]
[Round "8"]
[White "Smith, Andrew Philip"]
[Black "Das, Arghyadip"]
[Result "1/2-1/2"]
[WhiteTitle "FM"]
[BlackTitle "IM"]
[WhiteElo "2167"]
[BlackElo "2470"]
[WhiteFideId "2500833"]
[BlackFideId "5003610"]
[EventDate "2011.12.03"]

1. e4 e5 2. d4 exd4 3. Qxd4 Nc6 4. Qe3 Nf6 5. Nc3 Be7 6. Bc4 O-O 7. Bd2 Ng4 8.
Qf4 d6 9. O-O-O Nce5 10. Bb3 Bh4 11. Nh3 Kh8 12. g3 Be7 13. Nd5 f5 14. Nxe7 Qxe7
15. Bc3 fxe4 16. Qxe4 Nf6 17. Qg2 Bxh3 18. Qxh3 Ne4 19. f4 Nxc3 20. bxc3 Nd7 21.
Rhe1 Qd8 22. Be6 Nc5 23. Bf5 h6 24. Qh5 Qf6 25. g4 b5 26. Re3 a5 27. Rde1 Kg8
28. Re7 Rf7 29. Bh7+ Kf8 30. Qd5 Qxf4+ 31. Kb1 Rc8 32. Rxf7+ Qxf7 33. Qg2 Nd7
34. Bf5 Re8 35. Rf1 Nf6 36. h4 Qc4 37. Bg6 Qxc3 38. Bxe8 Qb4+ 39. Kc1 Kxe8 40.
Qc6+ Kd8 41. g5 hxg5 42. hxg5 Ne8 43. c3 Qh4 44. Qxb5 Qg3 45. Kb2 Qe3 46. a4 Kc8
47. Rc1 Qe4 48. Qxa5 d5 49. Qa8+ Kd7 50. Rc2 Nd6 51. Rf2 Qe3 52. Rg2 d4 53. cxd4
Qxd4+ 54. Kc2 Ne4 55. Qa5 Qc4+ 56. Kb2 Qd4+ 57. Kc2 Qc4+ 1/2-1/2

[Event "London Classic FIDE Open"]
[Site "London ENG"]
[Date "2011.12.10"]
[Round "8"]
[White "Hunt, Adam C"]
[Black "Arkell, Keith C"]
[Result "0-1"]
[WhiteTitle "IM"]
[BlackTitle "GM"]
[WhiteElo "2458"]
[BlackElo "2418"]
[WhiteFideId "403970"]
[BlackFideId "400270"]
[EventDate "2011.12.03"]

1. e4 c6 2. d4 d5 3. e5 c5 4. c4 e6 5. Nf3 cxd4 6. Nxd4 Nc6 7. Nc3 Bc5 8. Nxc6
bxc6 9. Qg4 Bf8 10. Bd3 Ne7 11. O-O Ng6 12. f4 Bc5+ 13. Kh1 O-O 14. Na4 Be7 15.
Be3 d4 16. Bd2 c5 17. Be4 Rb8 18. b3 Bb7 19. Bxb7 Rxb7 20. Nb2 Qd7 21. Nd3 Qc6
22. f5 exf5 23. Rxf5 a5 24. Raf1 a4 25. bxa4 Qxa4 26. e6 fxe6 27. Rxf8+ Nxf8 28.
Qf3 Qa8 29. Ne5 Qc8 30. a4 Bf6 31. Ng4 Rf7 32. a5 Qb7 33. Qe2 e5 34. Nf2 Bh4 35.
Nd3 Qe4 36. Qd1 Qxd3 37. Rxf7 Kxf7 38. a6 Nd7 39. a7 Nb6 40. g3 Bg5 41. Qh5+ Kf8
42. Kg1 Bxd2 0-1

[Event "London Classic FIDE Open"]
[Site "London ENG"]
[Date "2011.12.10"]
[Round "8"]
[White "Pert, Nicholas"]
[Black "Rendle, Thomas E"]
[Result "1/2-1/2"]
[WhiteTitle "GM"]
[BlackTitle "IM"]
[WhiteElo "2563"]
[BlackElo "2389"]
[WhiteFideId "403989"]
[BlackFideId "408760"]
[EventDate "2011.12.03"]

1. c4 e5 2. Nc3 Nc6 3. Nf3 f5 4. d4 e4 5. Ng5 Be7 6. Nh3 Nf6 7. e3 O-O 8. Be2 b6
9. a3 a5 10. Qc2 Qe8 11. Bd2 Bb7 12. Nb5 Rc8 13. d5 Ne5 14. Bc3 Nfg4 15. O-O-O
c6 16. dxc6 Bxc6 17. Nd6 Nd3+ 18. Bxd3 exd3 19. Rxd3 Bxd6 20. Rxd6 Bxg2 21. Rg1
Bxh3 22. Rg3 Bf1 23. h3 Ne5 24. b3 Rf7 25. f4 Ng6 26. Rd1 Bxc4 27. bxc4 Rxc4 28.
Kb2 Qe4 1/2-1/2

[Event "London Classic FIDE Open"]
[Site "London ENG"]
[Date "2011.12.10"]
[Round "8"]
[White "Mikkelsen, Nikolaj"]
[Black "Cornette, Matthieu"]
[Result "1/2-1/2"]
[WhiteTitle "IM"]
[BlackTitle "GM"]
[WhiteElo "2381"]
[BlackElo "2548"]
[WhiteFideId "1407970"]
[BlackFideId "620084"]
[EventDate "2011.12.03"]

1. e4 e6 2. d4 d5 3. Nc3 Nf6 4. e5 Nfd7 5. f4 c5 6. Nf3 Nc6 7. Be3 cxd4 8. Nxd4
Bc5 9. Qd2 O-O 10. O-O-O Bxd4 11. Bxd4 Qa5 12. Kb1 Rb8 13. h4 b5 14. Rh3 Nxd4
15. Qxd4 b4 16. Ne2 Ba6 17. Nc1 Bxf1 18. Rxf1 Nc5 19. Nb3 Qb5 20. Rhf3 Ne4 21.
Nd2 Qb6 22. Qxb6 Nxd2+ 23. Kc1 Rxb6 24. Kxd2 Rc8 25. R1f2 Rbc6 26. Kc1 h5 27. f5 1/2-1/2

[Event "London Classic FIDE Open"]
[Site "London ENG"]
[Date "2011.12.10"]
[Round "8"]
[White "Ferguson, Mark"]
[Black "Hebden, Mark L"]
[Result "1-0"]
[WhiteTitle "IM"]
[BlackTitle "GM"]
[WhiteElo "2374"]
[BlackElo "2515"]
[WhiteFideId "403547"]
[BlackFideId "400084"]
[EventDate "2011.12.03"]

1. e4 e5 2. Nf3 Nc6 3. Nc3 Nf6 4. Bb5 Nd4 5. Bc4 c6 6. Nxe5 d5 7. exd5 Bd6 8.
Nf3 Nxf3+ 9. Qxf3 O-O 10. O-O Ng4 11. g3 Ne5 12. Qe4 f5 13. dxc6+ Kh8 14. Qg2
bxc6 15. d3 Nxc4 16. dxc4 Qc7 17. Ne2 Bb7 18. Bf4 Rae8 19. Rad1 Bxf4 20. Nxf4 g5
21. Nd3 c5 22. f3 f4 23. Rde1 Rxe1 24. Rxe1 Qd6 25. gxf4 g4 26. Qe2 Qd4+ 27. Qe3
Qxc4 28. Qxc5 Qxc5+ 29. Nxc5 Bxf3 30. Nd3 Rc8 31. c3 Rd8 32. Re3 Kg7 33. Kf2 Kf6
34. Kg3 h5 35. h4 Be4 36. Nb4 Bf5 37. c4 Be6 38. Nd5+ Bxd5 39. Rd3 Rb8 40. Rxd5
Rxb2 41. Rxh5 Rxa2 42. Kxg4 Rg2+ 43. Kf3 Rc2 44. c5 a5 45. Ke4 a4 46. Kd5 a3 47.
Rh6+ Kf5 48. Ra6 Rd2+ 49. Kc6 a2 50. h5 Rh2 51. Kb5 Kxf4 52. h6 Rb2+ 53. Kc6 Rh2
54. Ra4+ Ke5 55. h7 Rh6+ 56. Kb5 Rxh7 57. Rxa2 Rh8 58. Rd2 1-0

[Event "London Classic FIDE Open"]
[Site "London ENG"]
[Date "2011.12.10"]
[Round "8"]
[White "Smith, Axel"]
[Black "Weber, Tom"]
[Result "1/2-1/2"]
[WhiteTitle "IM"]
[BlackTitle "FM"]
[WhiteElo "2480"]
[BlackElo "2355"]
[WhiteFideId "1707930"]
[BlackFideId "4000609"]
[EventDate "2011.12.03"]

1. d4 Nf6 2. c4 g6 3. Nc3 d5 4. cxd5 Nxd5 5. Bd2 Bg7 6. e4 Nxc3 7. Bxc3 O-O 8.
Nf3 Bg4 9. Be2 c5 10. d5 e6 11. Bxg7 Kxg7 12. O-O exd5 13. exd5 Qd6 14. Qb3 b6
15. Nd4 Bxe2 16. Nxe2 Nd7 17. Nc3 Nf6 18. Rad1 Rfe8 19. Rfe1 Rad8 20. Qc4 h5 21.
h3 Rxe1+ 22. Rxe1 Rd7 23. a4 Qb8 24. Re3 Qd8 25. Rd3 Qe7 26. Re3 Qd8 27. Re5 Ne8
28. Qe2 Nc7 29. Qd1 Ne6 30. Qe1 Nd4 31. Qe4 Qf6 32. Kf1 Nf5 33. Kg1 Nd6 34. Qe2
Nf5 35. Qe4 Nd6 36. Qe2 Nf5 1/2-1/2

[Event "London Classic FIDE Open"]
[Site "London ENG"]
[Date "2011.12.10"]
[Round "8"]
[White "Richardson, John R"]
[Black "Pert, Richard G"]
[Result "0-1"]
[WhiteTitle "FM"]
[BlackTitle "IM"]
[WhiteElo "2331"]
[BlackElo "2455"]
[WhiteFideId "401617"]
[BlackFideId "404748"]
[EventDate "2011.12.03"]

1. d4 d5 2. c4 e6 3. Nc3 c5 4. cxd5 cxd4 5. Qxd4 Nc6 6. Qd1 exd5 7. Qxd5 Bd7 8.
Nf3 Nf6 9. Qd1 Bc5 10. e3 Qe7 11. Be2 O-O-O 12. O-O Kb8 13. a3 g5 14. b4 g4 15.
bxc5 gxf3 16. Bxf3 Ne5 17. Be2 Bh3 18. Qb3 Rhg8 19. g3 Bxf1 20. Bxf1 Nf3+ 21.
Kh1 Ng4 22. c6 Nxf2+ 23. Kg2 Nd2 24. Qc2 Nfe4 25. Bd3 Rxd3 26. Qxd3 Rd8 27. Qc2
Qc5 28. Ra2 Nxc3 29. Bxd2 Qxc6+ 30. Kg1 Nxa2 31. Qxa2 Qf3 32. Qa1 Qe2 0-1

[Event "London Classic FIDE Open"]
[Site "London ENG"]
[Date "2011.12.10"]
[Round "8"]
[White "Summerscale, Aaron P"]
[Black "Berry, Neil"]
[Result "1-0"]
[WhiteTitle "GM"]
[BlackTitle "FM"]
[WhiteElo "2422"]
[BlackElo "2312"]
[WhiteFideId "400980"]
[BlackFideId "2400650"]
[EventDate "2011.12.03"]

1. d4 d5 2. Bf4 Nf6 3. e3 e6 4. Nf3 c5 5. c3 Nc6 6. Nbd2 Bd6 7. Bg3 O-O 8. Bd3
Qe7 9. Ne5 Nd7 10. f4 f6 11. Nxc6 bxc6 12. O-O f5 13. Qa4 Nb6 14. Qa5 c4 15. Be2
Bd7 16. b3 Bc7 17. Nf3 Rfc8 18. Bh4 Qf8 19. Qa6 Rcb8 20. Ne5 Bc8 21. Qa5 Qd6 22.
Rfb1 cxb3 23. axb3 Nc4 24. Qa2 Nxe5 25. fxe5 Qd7 26. Qa3 a5 27. Qe7 Qxe7 28.
Bxe7 Ba6 29. Bd1 Bd3 30. Rb2 Ra7 31. Bb4 Bb6 32. Bd6 Rba8 33. Rba2 Kf7 34. Kf2
Ra6 35. Ke1 g6 36. Kd2 Be4 37. g3 R6a7 38. Bc5 Bxc5 39. dxc5 Ke7 40. b4 Kd7 41.
Rxa5 Rxa5 42. bxa5 Kc7 43. a6 Kb8 44. Be2 Ka7 45. Ra4 Rb8 46. Rb4 g5 47. Rxb8
Kxb8 48. Bh5 Ka7 49. Bf7 Kxa6 50. Bxe6 Kb7 51. Kc1 Kc7 52. Kb2 Kd8 53. Ka3 Ke7
54. Bc8 Bd3 55. Kb4 Kd8 56. Bb7 Kc7 57. Ba8 Ba6 58. e6 Bc8 59. e7 Bd7 60. Ka5
Be8 61. Ka6 h6 62. Ka7 Bf7 63. Bb7 Be8 64. Ba6 Kd7 65. Kb6 Kxe7 66. Bb7 Bf7 67.
Bxc6 Kd8 68. Bb7 1-0

[Event "London Classic FIDE Open"]
[Site "London ENG"]
[Date "2011.12.10"]
[Round "8"]
[White "Karthikeyan, Murali"]
[Black "Roy Chowdhury, Saptarshi"]
[Result "1/2-1/2"]
[BlackTitle "IM"]
[WhiteElo "2154"]
[BlackElo "2411"]
[WhiteFideId "5074452"]
[BlackFideId "5002974"]
[EventDate "2011.12.03"]

1. e4 e5 2. Nf3 d6 3. Bc4 c6 4. O-O Be7 5. c3 Nf6 6. d3 O-O 7. Nbd2 Nbd7 8. Re1
Qc7 9. Bb3 d5 10. exd5 cxd5 11. Nf1 e4 12. Nd4 Nc5 13. dxe4 dxe4 14. Bg5 Re8 15.
Bxf6 Bxf6 16. Ng3 Bd7 17. Bc2 Be5 18. Kh1 Bxg3 19. hxg3 Rad8 20. Qd2 Bc6 21. Qe3
Bd5 22. Rad1 b6 23. b4 Nb7 24. Ba4 Rf8 25. Bb3 Bxb3 26. axb3 Nd6 27. c4 Rd7 28.
Ne2 Re8 29. Qf4 Re6 30. Nc3 h6 31. Rd5 Rde7 32. Red1 Ne8 33. Rd8 Qxf4 34. gxf4
Kh7 35. Nd5 Rb7 36. Ra8 Nc7 37. Nxc7 Rxc7 38. f5 Re5 39. g4 h5 40. Kg2 g6 41.
fxg6+ fxg6 42. Rad8 Kh6 43. gxh5 Kxh5 44. R1d5 Rg5+ 45. Kf1 Rf7 46. R8d7 Rf3 47.
Rxg5+ Kxg5 48. Rxa7 Rxb3 49. b5 Rc3 1/2-1/2

[Event "London Classic FIDE Open"]
[Site "London ENG"]
[Date "2011.12.10"]
[Round "8"]
[White "Slavin, Alexei"]
[Black "Spivack, Simon S Y"]
[Result "1-0"]
[WhiteTitle "IM"]
[WhiteElo "2400"]
[BlackElo "2175"]
[WhiteFideId "24104388"]
[BlackFideId "404780"]
[EventDate "2011.12.03"]

1. d4 Nf6 2. Nf3 d6 3. c4 Nbd7 4. Nc3 e5 5. d5 a5 6. e4 Be7 7. h3 O-O 8. Be3 c6
9. Be2 a4 10. a3 cxd5 11. cxd5 Qa5 12. Nd2 Nc5 13. Nc4 Qc7 14. Nb5 Qb8 15. Bxc5
dxc5 16. d6 Bd8 17. O-O Be6 18. Qd3 Nd7 19. Bg4 Bxg4 20. hxg4 Bg5 21. Qd5 Bf4
22. g3 Nf6 23. Qd3 Qc8 24. gxf4 Qxg4+ 25. Qg3 Qe2 26. Rac1 Nh5 27. Qh2 Nxf4 28.
f3 Rfe8 29. Qxe2 Nxe2+ 30. Kf2 Nxc1 31. Rxc1 Rad8 32. Nb6 f5 33. Rxc5 fxe4 34.
fxe4 Re6 35. Ke3 h5 36. Rc8 Ree8 37. d7 Rf8 38. Rxd8 Rxd8 39. Nd6 h4 40. Nxb7 1-0

[Event "London Classic FIDE Open"]
[Site "London ENG"]
[Date "2011.12.10"]
[Round "8"]
[White "Cox, John J"]
[Black "Osborne, Marcus E"]
[Result "1-0"]
[WhiteTitle "IM"]
[WhiteElo "2423"]
[BlackElo "2246"]
[WhiteFideId "401064"]
[BlackFideId "404608"]
[EventDate "2011.12.03"]

1. c4 Nf6 2. g3 c6 3. Nf3 g6 4. Bg2 Bg7 5. b3 O-O 6. Bb2 d6 7. O-O e5 8. Nc3
Nbd7 9. Qc2 Re8 10. d3 Nf8 11. e3 Bf5 12. e4 Bd7 13. d4 Qc8 14. d5 cxd5 15. cxd5
b5 16. a3 a5 17. Qe2 Qc5 18. Ne1 Qb6 19. Nd3 Rec8 20. a4 b4 21. Nb1 Bh6 22. Nd2
Bg4 23. Bf3 Rc2 24. Rfd1 Bxd2 25. Bxg4 Nxg4 26. Rxd2 Rxd2 27. Qxd2 Nf6 28. Re1
Rc8 29. Kf1 N8d7 30. f3 Nc5 31. Nxc5 Rxc5 32. f4 Nd7 33. fxe5 dxe5 34. Qd3 Qf6+
35. Kg2 Qg5 36. Re2 h5 37. Rc2 h4 38. Bc1 Rxc2+ 39. Qxc2 Qg4 40. d6 Kg7 41. Be3
Nf6 42. Qd3 h3+ 43. Kg1 Kh7 44. Bb6 Qc8 45. Bc7 Kg7 46. Kf1 Qb7 47. g4 Qc6 48.
Ke2 Qc1 49. d7 Nxd7 50. Qxd7 Qc2+ 51. Ke1 Qc1+ 52. Kf2 Qc2+ 53. Ke1 Qxe4+ 54.
Kd2 Qg2+ 55. Kd3 Qxh2 56. Qe7 Qg3+ 57. Kc4 Qxg4+ 58. Kb5 Qe2+ 59. Kxa5 Kh6 60.
Bxe5 Qh5 61. Qf8+ Kg5 62. Qxf7 Qg4 63. Qf6+ Kh5 64. Qh8+ Kg5 65. Qf6+ Kh5 66.
Kb6 Qc8 67. Bf4 Kg4 68. a5 Qc2 69. Qg5+ Kf3 70. Qg3+ Ke2 71. Qh2+ Kd3 72. Qxc2+ 1-0

[Event "London Classic FIDE Open"]
[Site "London ENG"]
[Date "2011.12.10"]
[Round "8"]
[White "Tikkanen, Hans"]
[Black "Webb, Laurence E"]
[Result "1-0"]
[WhiteTitle "GM"]
[BlackTitle "FM"]
[WhiteElo "2586"]
[BlackElo "2283"]
[WhiteFideId "1706446"]
[BlackFideId "402389"]
[EventDate "2011.12.03"]

1. Nf3 Nf6 2. c4 e6 3. Nc3 d5 4. e3 c5 5. d4 Nc6 6. a3 a6 7. b3 Be7 8. Bb2 O-O
9. Bd3 b6 10. O-O Bb7 11. cxd5 exd5 12. dxc5 Bxc5 13. Ne2 Re8 14. Nf4 Ne4 15.
Bc2 Ne7 16. Nh5 f6 17. b4 Bd6 18. Nd4 Qd7 19. f3 Ng5 20. h4 Ne6 21. Qd3 Nf8 22.
Rad1 Be5 23. f4 Bxd4 24. Qxd4 Nf5 25. Nxf6+ gxf6 26. Qxf6 Ng7 27. Rf3 Re6 28.
Qd4 Rc8 29. Rg3 Rg6 30. Bxg6 hxg6 31. h5 Nxh5 32. Qh8+ Kf7 33. Rg5 Qe7 34. Bd4
Ne6 35. Qh7+ Nhg7 36. Rxg6 Rg8 37. Rf6+ Qxf6 38. Bxf6 Nf8 39. Qc2 Kxf6 40. Qc7
d4 41. Qxb7 1-0

[Event "London Classic FIDE Open"]
[Site "London ENG"]
[Date "2011.12.10"]
[Round "8"]
[White "Sreeves, Clement"]
[Black "Berg, Emanuel"]
[Result "0-1"]
[BlackTitle "GM"]
[WhiteElo "2247"]
[BlackElo "2566"]
[WhiteFideId "2402564"]
[BlackFideId "1704060"]
[EventDate "2011.12.03"]

1. e4 e6 2. d4 d5 3. Nd2 Nf6 4. e5 Nfd7 5. Bd3 c5 6. c3 Nc6 7. Ne2 cxd4 8. cxd4
f6 9. exf6 Nxf6 10. O-O Bd6 11. Nf3 Qc7 12. Bg5 O-O 13. Bh4 Nh5 14. Qc2 h6 15.
Bh7+ Kh8 16. Bg6 Rxf3 17. Bxh5 Rf8 18. Bg3 Bd7 19. Rac1 Rf6 20. Qd2 Raf8 21. Rc3
Be8 22. Bxe8 Rxe8 23. Bxd6 Qxd6 24. f4 Ref8 25. Rcf3 Ne7 26. Qe3 Ng6 27. g3 Qa6
28. Nc1 Qb6 29. Nb3 Ne7 30. Nc5 Nf5 31. Qf2 Qc7 32. Re1 Qe7 33. Rc3 Rc8 34. Rec1
Nd6 35. Qe3 Rc6 36. Nd3 Rxc3 37. Rxc3 Ne4 38. Rc8+ Rf8 39. Rxf8+ Qxf8 40. Nf2
Nxf2 41. Kxf2 Qf5 42. Qe5 Qh3 43. Kg1 Kh7 44. Qe2 Kg6 45. Qe5 Qf5 46. Kg2 Qc2+
47. Kf3 Kf7 48. Qe2 Qa4 49. Qe5 Qd1+ 50. Kg2 Qc2+ 51. Kh3 Qxb2 52. Qc7+ Kg6 53.
Qe5 Qb6 54. Kg4 Kf7 55. Kh5 Qd8 56. h4 Qf6 57. Qc7+ Kg8 58. Kg4 Qf5+ 59. Kf3
Qe4+ 60. Kg4 h5+ 61. Kxh5 Qf5# 0-1

[Event "London Classic FIDE Open"]
[Site "London ENG"]
[Date "2011.12.10"]
[Round "8"]
[White "Coleman, David J"]
[Black "Hassan, Abdullah"]
[Result "1-0"]
[WhiteTitle "CM"]
[BlackTitle "IM"]
[WhiteElo "2244"]
[BlackElo "2398"]
[WhiteFideId "402087"]
[BlackFideId "9300481"]
[EventDate "2011.12.03"]

1. e4 e6 2. d4 d5 3. Nc3 Nf6 4. e5 Nfd7 5. f4 c5 6. Nf3 Nc6 7. Be3 a6 8. Qd2
cxd4 9. Nxd4 Bc5 10. O-O-O O-O 11. Qf2 Bxd4 12. Bxd4 b5 13. Be3 Qa5 14. Kb1 b4
15. Ne2 Bb7 16. Nd4 Nxd4 17. Bxd4 Bc6 18. Rd3 Rfc8 19. Rg3 g6 20. h4 Bb5 21. h5
Qc7 22. f5 exf5 23. hxg6 fxg6 24. e6 Ne5 25. Bxb5 axb5 26. Qxf5 b3 27. Bxe5
Qxc2+ 28. Qxc2 bxc2+ 29. Kc1 Rxa2 30. Rxg6+ Kf8 31. Bd6+ 1-0

[Event "London Classic FIDE Open"]
[Site "London ENG"]
[Date "2011.12.10"]
[Round "8"]
[White "Ansell, Simon T"]
[Black "Martyn, Rafe"]
[Result "0-1"]
[WhiteTitle "IM"]
[BlackTitle "FM"]
[WhiteElo "2389"]
[BlackElo "2249"]
[WhiteFideId "402141"]
[BlackFideId "409626"]
[EventDate "2011.12.03"]

1. e4 d5 2. exd5 Qxd5 3. Nc3 Qa5 4. d4 Nf6 5. Bd2 c6 6. Bd3 Qb6 7. Nge2 g6 8.
O-O Bg7 9. h3 O-O 10. Re1 Nbd7 11. Be3 Qxb2 12. Rb1 Qa3 13. Rb3 Qa5 14. Qc1 e5
15. Ra3 Qc7 16. Bc4 b5 17. Bxb5 cxb5 18. Nxb5 Qc4 19. Nxa7 Bb7 20. dxe5 Nxe5 21.
Qb2 Qc7 22. Nb5 Qc6 0-1

[Event "London Classic FIDE Open"]
[Site "London ENG"]
[Date "2011.12.10"]
[Round "8"]
[White "Ledger, Dave J"]
[Black "Bates, Richard A"]
[Result "0-1"]
[WhiteTitle "FM"]
[BlackTitle "IM"]
[WhiteElo "2228"]
[BlackElo "2386"]
[WhiteFideId "401986"]
[BlackFideId "403555"]
[EventDate "2011.12.03"]

1. e4 c5 2. Nf3 d6 3. d4 cxd4 4. Nxd4 Nf6 5. Nc3 a6 6. Be3 e5 7. Nb3 Be7 8. f3
Be6 9. Qd2 O-O 10. O-O-O a5 11. Bb5 Na6 12. Qe2 Qb8 13. Kb1 Nc7 14. Bc4 Bxc4 15.
Qxc4 b5 16. Qd3 a4 17. Nc1 b4 18. Nd5 Ncxd5 19. exd5 Ra5 20. Bg5 Rxd5 21. Qa6
Qb5 22. Qa7 Bd8 23. Bxf6 Rxd1 24. Rxd1 Bxf6 25. Rxd6 e4 26. Rb6 Qc4 27. Qb7 Rc8
28. c3 bxc3 29. b4 c2# 0-1

[Event "London Classic FIDE Open"]
[Site "London ENG"]
[Date "2011.12.10"]
[Round "8"]
[White "Buckley, Graeme N"]
[Black "Rendboe, John"]
[Result "1/2-1/2"]
[WhiteTitle "IM"]
[BlackTitle "FM"]
[WhiteElo "2383"]
[BlackElo "2242"]
[WhiteFideId "402265"]
[BlackFideId "1403664"]
[EventDate "2011.12.03"]

1. d4 d5 2. c4 e6 3. Nc3 Be7 4. Nf3 Nf6 5. Bg5 O-O 6. e3 h6 7. Bh4 b6 8. Be2 Bb7
9. Bxf6 Bxf6 10. cxd5 exd5 11. b4 c6 12. O-O a5 13. bxa5 Rxa5 14. a4 Nd7 15. Qb3
Qa8 16. Rac1 Re8 17. Rfe1 c5 18. Bb5 c4 19. Qc2 Bc6 20. Qf5 Re6 21. Rb1 Qb7 22.
Rec1 g6 23. Qf4 Bg7 24. h3 Bxb5 25. Rxb5 Rxb5 26. Nxb5 Nf6 27. Nd2 Bf8 28. Rb1
Rc6 29. Nc3 Qe7 30. Rf1 Qb4 31. Ndb1 Re6 32. Qb8 Kg7 33. Qa8 Re8 34. Qb7 Re7 35.
Qc8 Re8 36. Qc7 Re7 37. Qd8 Rd7 38. Qc8 Qb3 39. Qc6 Rd6 40. Qb5 Qc2 41. Re1 Be7
42. a5 bxa5 43. Qxa5 Rd7 44. Qa2 Qxa2 45. Nxa2 Ra7 46. Re2 Rb7 47. Nbc3 Rb3 48.
f3 Bd8 49. Kf2 Ba5 50. Rc2 Kf8 51. g4 Ke7 52. h4 g5 53. h5 Ke6 54. Na4 Nd7 55.
e4 Rd3 56. N2c3 Bxc3 57. Nxc3 dxe4 58. Nxe4 Rxd4 59. Ra2 Ne5 60. Ra6+ Kd5 61.
Ng3 Rd2+ 62. Ke3 c3 63. Nf5 Nd7 64. Ra4 1/2-1/2

[Event "London Classic FIDE Open"]
[Site "London ENG"]
[Date "2011.12.10"]
[Round "8"]
[White "Getz, Nicolai"]
[Black "Stone, Andrew M"]
[Result "1/2-1/2"]
[WhiteTitle "IM"]
[WhiteElo "2369"]
[BlackElo "2234"]
[WhiteFideId "1505572"]
[BlackFideId "404985"]
[EventDate "2011.12.03"]

1. Nf3 Nf6 2. c4 c5 3. Nc3 b6 4. g3 Bb7 5. Bg2 e6 6. O-O Be7 7. d4 cxd4 8. Qxd4
O-O 9. Rd1 Nc6 10. Qf4 Qb8 11. b3 Rd8 12. Qxb8 Raxb8 13. Bf4 d6 14. Rac1 h6 15.
h3 Ba8 16. Nd2 g5 17. Be3 Ne8 18. g4 Ne5 19. Nde4 Ng6 20. Ng3 Bxg2 21. Kxg2 Bf6
22. Nge4 Be5 23. Bd4 Rb7 24. Bxe5 Nxe5 25. Rd2 Kf8 26. e3 Ng6 27. Kg3 1/2-1/2

[Event "London Classic FIDE Open"]
[Site "London ENG"]
[Date "2011.12.10"]
[Round "8"]
[White "Crouch, Colin S"]
[Black "Anderton, Matthew N"]
[Result "1-0"]
[WhiteTitle "IM"]
[WhiteElo "2366"]
[BlackElo "2227"]
[WhiteFideId "400947"]
[BlackFideId "403237"]
[EventDate "2011.12.03"]

1. d4 Nf6 2. Nf3 g6 3. Bg5 Bg7 4. Nbd2 c5 5. Bxf6 Bxf6 6. Ne4 Bxd4 7. Nxd4 cxd4
8. Qxd4 O-O 9. e3 Nc6 10. Qd2 Qb6 11. O-O-O d6 12. h4 Bf5 13. Nc3 Rfc8 14. e4
Nb4 15. a3 a5 16. Kb1 Rxc3 17. Qxc3 Bxe4 18. axb4 axb4 19. Qe3 b3 20. Qxe4 Kh8 1-0

[Event "London Classic FIDE Open"]
[Site "London ENG"]
[Date "2011.12.10"]
[Round "8"]
[White "Surendran, N."]
[Black "Gislason, Gudmundur"]
[Result "0-1"]
[WhiteElo "2207"]
[BlackElo "2318"]
[WhiteFideId "5021243"]
[BlackFideId "2300559"]
[EventDate "2011.12.03"]

1. d4 Nf6 2. Nf3 g6 3. g3 Bg7 4. Bg2 O-O 5. O-O d6 6. c4 Nbd7 7. Nc3 e5 8. h3 c6
9. e4 Re8 10. Be3 Qa5 11. a3 Qa6 12. Rc1 exd4 13. Bxd4 Ne5 14. b3 Nfd7 15. Ne1
Nc5 16. f4 Ned3 17. Bxg7 Nxc1 18. Qxc1 Kxg7 19. f5 f6 20. Qf4 Nd7 21. fxg6 hxg6
22. Nc2 Qa5 23. Qd2 Qe5 24. Ne3 Nc5 25. b4 Nb3 26. Qe1 Nd4 27. Ncd1 Rh8 28. h4
g5 29. hxg5 fxg5 30. Qf2 Be6 31. Ng4 Bxc4 32. Nc3 Raf8 33. Qe3 Nc2 34. Nxe5 Nxe3
35. Nxc4 Nxc4 36. Rd1 Rh6 37. a4 Ne3 38. Rd3 Nxg2 39. Kxg2 g4 40. Ne2 Rfh8 41.
Kf2 d5 42. Nf4 Rh2+ 43. Kg1 dxe4 44. Rd7+ Kf6 45. Rd6+ Ke5 46. Re6+ Kf5 47. Re7
Rh1+ 48. Kf2 R8h2+ 49. Ke3 Re1+ 50. Kd4 Rd2+ 51. Kc3 Rd6 52. Rf7+ Ke5 53. Rxb7
Re3+ 54. Kc4 Rd4+ 0-1

[Event "London Classic FIDE Open"]
[Site "London ENG"]
[Date "2011.12.10"]
[Round "8"]
[White "Stoma, Pawel"]
[Black "Gant, Chris J"]
[Result "1-0"]
[BlackTitle "FM"]
[WhiteElo "2316"]
[BlackElo "2194"]
[WhiteFideId "1113569"]
[BlackFideId "403946"]
[EventDate "2011.12.03"]

1. e4 c5 2. d4 cxd4 3. c3 Nf6 4. e5 Nd5 5. cxd4 e6 6. Nc3 Nxc3 7. bxc3 Qc7 8.
Bd2 b6 9. f4 Bb7 10. Nf3 d6 11. Bd3 g6 12. O-O Nd7 13. a4 Be7 14. a5 O-O 15. Qe2
Rfc8 16. a6 Bd5 17. exd6 Bxd6 18. Ne5 Bf8 19. Rf2 Rab8 20. Raf1 Re8 21. Bb5 Nf6
22. Bxe8 Rxe8 23. Rc1 Ne4 24. c4 Ba8 25. Rff1 Ba3 26. Rc2 Rd8 27. Be3 Bb4 28. c5
Nc3 29. Qc4 Nd5 30. Bc1 Ba5 31. Qb5 Nc3 32. Qb2 Na4 33. Qb3 Rxd4 34. Be3 Rb4 35.
cxb6 Rxb3 36. bxc7 1-0